Marketing v neziskových organizáciách

Význam, východiská a osobitosti marketingu v neziskových organizáciách s osobitným ztreteľom na marketingový mix neziskových organizácií.

Gespeichert in:
Bibliographische Detailangaben
1. Verfasser: Majdúchová, Helena, 1963-
Format: Buchkapitel
Sprache:Slowakisch
Schlagworte:
Tags: Tag hinzufügen
Keine Tags, Fügen Sie das erste Tag hinzu!

MARC

LEADER 00000naa$a2200000$$$4500
001 0143805
005 20240502072558.6
041 0 |a slo 
044 |a SK 
245 1 0 |a Marketing v neziskových organizáciách  |c Helena Majdúchová 
520 |a Význam, východiská a osobitosti marketingu v neziskových organizáciách s osobitným ztreteľom na marketingový mix neziskových organizácií. 
610 2 0 |a marketing 
610 2 0 |a komunikácia marketingová 
610 2 0 |a stratégia marketingová 
610 2 0 |a marketing mix 
610 2 0 |a produkty 
610 2 0 |a služby 
610 2 0 |a podpora predaja 
610 2 0 |a organizácie neziskové 
610 2 0 |a formy organizačné 
610 2 0 |a dobrovoľníctvo 
100 1 |a Majdúchová, Helena, 1963-